Honor y amor al mar : (Record no. 128807)

MARC details
000 -LEADER
campo de control de longitud fija 00954nam a2200241 i 4500
001 - NÚMERO DE CONTROL
campo de control 128807
003 - IDENTIFICADOR DE NÚMERO DE CONTROL
campo de control ES-MaACL
005 - FECHA Y HORA DE LA ÚLTIMA TRANSACCIÓN
campo de control 20251114105353.0
007 - CAMPO FIJO DE DESCRIPCIÓN FÍSICA--INFORMACIÓN GENERAL
campo de control de longitud fija t|
008 - DATOS DE LONGITUD FIJA--INFORMACIÓN GENERAL
campo de control de longitud fija 070528s1945 sp ||||1| spa d
080 ## - NÚMERO DE LA CLASIFICACIÓN DECIMAL UNIVERSAL
Número de la Clasificación Decimal Universal 929:359(460)
100 1# - ENTRADA PRINCIPAL--NOMBRE DE PERSONA
Nombre de persona Taxonera, Luciano de,
Fechas asociadas al nombre 1890-1967
9 (RLIN) 109428
245 10 - MENCIÓN DEL TÍTULO
Título Honor y amor al mar :
Resto del título cuatro vidas de navegantes españoles : el duque de Osuna, el marqués de la Victoria, Francisco de Ribera, Pedro Alonso Niño /
Mención de responsabilidad, etc. Luciano de Taxonera.
250 ## - MENCION DE EDICION
Mención de edición 1ª ed.
260 ## - PUBLICACIÓN, DISTRIBUCIÓN, ETC.
Lugar de publicación, distribución, etc. Madrid :
Nombre del editor, distribuidor, etc. Alhambra,
Fecha de publicación, distribución, etc. 1945.
300 ## - DESCRIPCIÓN FÍSICA
Extensión 246 p., :
Otras características físicas il. ;
Dimensiones 20 cm.
600 17 - PUNTO DE ACCESO ADICIONAL DE MATERIA--NOMBRE DE PERSONA
Nombre de persona Osuna, Pedro Téllez Girón,
Títulos y otros términos asociados al nombre Duque de,
Fechas asociadas al nombre 1574-1624
Fuente del encabezamiento o término
9 (RLIN) 158586
600 14 - PUNTO DE ACCESO ADICIONAL DE MATERIA--NOMBRE DE PERSONA
Nombre de persona Victoria, Juan José Navarro,
Títulos y otros términos asociados al nombre Marqués de la,
Fechas asociadas al nombre 1687-1772
9 (RLIN) 174372
600 14 - PUNTO DE ACCESO ADICIONAL DE MATERIA--NOMBRE DE PERSONA
Nombre de persona Rivera y Medina, Francisco de,
Fechas asociadas al nombre ca. 1582-ca. 1646
9 (RLIN) 174374
600 14 - PUNTO DE ACCESO ADICIONAL DE MATERIA--NOMBRE DE PERSONA
Nombre de persona Niño, Pedro Alonso,
Fechas asociadas al nombre ca. 1468-1502
9 (RLIN) 174373
852 4# - LOCALIZACIÓN
Ubicación ES-MaACL
Número de control de estantería E-1177
Holdings
Estatus retirado Estado de pérdida Estado de daño No para préstamo Biblioteca de origen Biblioteca actual Ubicación en estantería Fecha de adquisición Fuente de adquisición Total de préstamos Signatura topográfica completa Código de barras Visto por última vez Precio de reemplazo Tipo de ítem Koha
        Biblioteca del Ateneo de Madrid Biblioteca del Ateneo de Madrid Depósito 2 17/01/2008     E-1177 1134141 23/02/2023 23/02/2023 Libro impreso